000 00609nam a2200217Ii 4500
003 JO-AjNU
008 230606s9999||||xx |||||||||||||| ||und||
020 _a978-0-7506-5785-3
040 _aJO-AjNU
_beng
_erda
_cJO-AjNU
041 _aeng
050 1 4 _aTH6010.N48 2007
100 3 _aKnight, John/peter jones,
_eauthor
_94953
245 0 0 _aNewnes Building Service Pocket Book
250 _a5 ed
264 3 1 _aBoston:Elsevier, 2007
300 _a630p
336 _atext
_btxt
_2rdacontent
337 _aunmediated
_bn
_2rdamedia
338 _avolume
_bnc
_2rdacarrier
650 4 _aBuilding services
_94954
999 _aE2562
_c2560
_d2560